Map of a farm called Duckhurst in the Parish of Staplehurst in Kent belonging to the Messrs. Ward's (Record no. 116867)

MARC details
000 -LEADER
fixed length control field 00795cfm a22002055a 4500
001 - CONTROL NUMBER
control field L140404
008 - FIXED-LENGTH DATA ELEMENTS--GENERAL INFORMATION
fixed length control field 070920s1790 xxk a 0 h eng u
035 ## - SYSTEM CONTROL NUMBER
System control number (Sirsi) u140404
041 0# - LANGUAGE CODE
Language code of text/sound track or separate title eng
100 1# - MAIN ENTRY--PERSONAL NAME
Personal name Bowles, Robert
245 00 - TITLE STATEMENT
Title Map of a farm called Duckhurst in the Parish of Staplehurst in Kent belonging to the Messrs. Ward's
Medium [cartographic material]
255 ## - CARTOGRAPHIC MATHEMATICAL DATA
Statement of scale 1:594
260 ## - PUBLICATION, DISTRIBUTION, ETC.
Date of publication, distribution, etc. 1790
300 ## - PHYSICAL DESCRIPTION
Extent 1 ms. map
Other physical details parchment, col. $5 2 x 63 cm.
500 ## - GENERAL NOTE
General note Manuscript map with hand colouring.
500 ## - GENERAL NOTE
General note Note from map: 'The estate survey'd and delineated by the following scale of perches by Robert Bowles of Staplehurst, in the year 1790'.
651 4# - SUBJECT ADDED ENTRY--GEOGRAPHIC NAME
Geographic name Kent
690 ## - LOCAL SUBJECT ADDED ENTRY--TOPICAL TERM (OCLC, RLIN)
Topical term or geographic name as entry element ENVIRONMENTAL AND LAND CONSULTANCY-GEOMATICS-MAPPING AND POSITIONING-CARTOGRAPHY
942 ## - ADDED ENTRY ELEMENTS (KOHA)
Suppress in OPAC 0
Holdings
Withdrawn status Lost status Source of classification or shelving scheme Damaged status Not for loan Home library Current library Shelving location Date acquired Total Checkouts Full call number Barcode Date last seen Copy number Price effective from Koha item type
    Dewey Decimal Classification     Historic collection Historic collection Historic collection 20/09/2007   MAP CABINET DRAWER 3 140404-2001 06/08/2019 1 06/08/2019 Archive